Junior Eurovision 2025 - Statistics

General Stats
  • This quiz has been taken 109 times
  • The average score is 14 of 18
Answer Stats
R/O Country % Correct
17 France
93%
18 Albania
89%
5 Armenia
89%
14 Spain
85%
6 Ukraine
85%
9 Poland
84%
1 Malta
82%
8 Netherlands
81%
4 San Marino
81%
15 Georgia
79%
13 Portugal
79%
3 Croatia
77%
7 Ireland
77%
12 Italy
77%
16 Cyprus
73%
2 Azerbaijan
71%
11 Montenegro
71%
10 North Macedonia
70%
No matching quizzes found
Score Distribution
Percent of People with Each Score
Percentile by Number Answered
Your Score History
You have not taken this quiz